LEADER 02448nam 2200385 n 450 001 996391223703316 005 20221108021555.0 035 $a(CKB)4940000000106044 035 $a(EEBO)2240874037 035 $a(UnM)99857642 035 $a(EXLCZ)994940000000106044 100 $a19930513d1610 uh | 101 0 $aeng 135 $aurbn||||a|bb| 200 10$aJames by the grace of God, King of England, Scotland, France and Ireland, defender of the faith, [et]c. To the Lord Treasurer, Chauncellor, Vnder-treasurer, chamberlaines and barons of our Court of Exchequer, and to all other our officers, ministers, and louing subiects, to whom it shall come or may appertaine, [and] to euery of them greeting: wheras heretofore by vertue of sundrie commissions and warrants by vs and our progenitours made, giuen, and graunted in that behalfe, diuers woods and trees haue beene fallen, cutte downe, soulde and giuen, and are to be fallen ..$b[electronic resource] 210 $a[London $cPrinted by John Windet$d1610] 215 $a1 sheet ([1] p.) 300 $aA 21-year patent to Sir Robert Stewart and Richard Vaus to dig up all roots and stumps of trees in royal forests. 300 $aDated at end: the thirtieth day of Iuly in the eight yeare of our raigne of England .. 300 $aAt head of title: By the King. 300 $aImprint from STC. 300 $aIdentified as STC 14413 on UMI microfilm. 300 $aReproduction of the original in the Bodleian Library. 330 $aeebo-0014 606 $aForestry law and legislation$zEngland$vEarly works to 1800 615 0$aForestry law and legislation 701 $aJames$cKing of England,$f1566-1625.$01001019 801 0$bCu-RivES 801 1$bCu-RivES 801 2$bCStRLIN 801 2$bWaOLN 906 $aBOOK 912 $a996391223703316 996 $aJames by the grace of God, King of England, Scotland, France and Ireland, defender of the faith, c. To the Lord Treasurer, Chauncellor, Vnder-treasurer, chamberlaines and barons of our Court of Exchequer, and to all other our officers, ministers, and louing subiects, to whom it shall come or may appertaine, and to euery of them greeting: wheras heretofore by vertue of sundrie commissions and warrants by vs and our progenitours made, giuen, and graunted in that behalfe, diuers woods and trees haue beene fallen, cutte downe, soulde and giuen, and are to be fallen .$92359316 997 $aUNISA LEADER 02033oam 2200493 a 450 001 9910697008603321 005 20230902161739.0 035 $a(CKB)5470000002384820 035 $a(OCoLC)612571749 035 $a(OCoLC)995470000002384820 035 $a(EXLCZ)995470000002384820 100 $a20100507d2010 ua 0 101 0 $aeng 135 $aurmn||||||||| 181 $ctxt$2rdacontent 182 $cc$2rdamedia 183 $acr$2rdacarrier 200 10$aEnvironmental health$b[electronic resource] $eopportunities for greater focus, direction, and top-level commitment to children's health at EPA : testimony before the Committee on Environment and Public Works, U.S. Senate /$fstatement of John B. Stephenson 210 1$a[Washington, D.C.] :$cU.S. Govt. Accountability Office,$d[2010] 215 $a1 online resource (9 pages) 225 1 $aTestimony ;$vGAO-10-545T 300 $aTitle from PDF title screen (GAO, viewed May 7, 2010). 300 $a"For release ... March 17, 2010." 320 $aIncludes bibliographical references. 410 0$aTestimony ;$vGAO-10-545T. 517 $aEnvironmental health 606 $aEnvironmentally induced diseases in children$xResearch$zUnited States 606 $aChildren$xDiseases$xEnvironmental aspects$xResearch$zUnited States 606 $aEnvironmental health$xResearch$zUnited States 606 $aAsthma in children$xResearch$zUnited States 615 0$aEnvironmentally induced diseases in children$xResearch 615 0$aChildren$xDiseases$xEnvironmental aspects$xResearch 615 0$aEnvironmental health$xResearch 615 0$aAsthma in children$xResearch 700 $aStephenson$b John B$01380816 712 02$aUnited States.$bCongress.$bSenate.$bCommittee on Environment and Public Works. 712 02$aUnited States.$bGovernment Accountability Office. 801 0$bVVK 801 1$bVVK 801 2$bGPO 906 $aBOOK 912 $a9910697008603321 996 $aEnvironmental health$93535412 997 $aUNINA